| 000 | 00536nam a2200169 i 4500 | ||
|---|---|---|---|
| 001 | 81234 | ||
| 003 | ES-MaACL | ||
| 005 | 20230906174409.0 | ||
| 008 | 041103q1910 sp |||| | spa d | ||
| 100 | 1 |
_aHuchard, Henri. _964511 |
|
| 245 | 1 | 4 |
_aLas enfermedades del corazón y su tratamiento / _cpor H. Huchard, ; traducido por F. Corominas. |
| 260 |
_aBarcelona : _bJosé Espasa, _c[1910?] |
||
| 300 |
_a232 p. ; _c21 cm. |
||
| 650 | 4 |
_aCorazón- _xEnfermedades. _9144728 |
|
| 700 | 1 |
_aCorominas, F. _940653 |
|
| 852 |
_aES-MaACL _jF-12513 |
||
| 999 |
_c81234 _d81234 |
||